Wolverhampton Wanderers Best Scorer By Year - Statistics

General Stats
  • This quiz has been taken 263 times
    86 since last reset
  • The average score is 7 of 25
Answer Stats
Player % Correct
Raúl Jiménez
91%
Matheus Cunha
83%
Rúben Neves
79%
Hwang Hee-chan
73%
Pedro Neto
67%
Daniel Podence
50%
Kevin Doyle
39%
Steven Fletcher
33%
Derek Dougan
21%
John Richards
20%
Henri Camara
14%
Kenny Hibbitt
14%
Johnny Hancocks
11%
Jimmy Murray
10%
Melvyn Eves
7%
Roy Swinbourne
7%
Alan Hinton
6%
Bobby Gould
6%
Harry Hooper
6%
Hugh Curran
6%
Jesse Pye
6%
Ray Crawford
6%
Ted Farmer
6%
Wayne Clarke
6%
Dennis Wilshaw
4%
No matching quizzes found
Score Distribution
Percent of People with Each Score
Percentile by Number Answered
Your Score History
You have not taken this quiz since the last reset